000 00552nam a2200217Ia 4500
003 OSt
005 20230428121613.0
008 210423s2009 xx 000 0 und d
020 _a9788126139972
040 _cAL
041 _aeng
082 _223
_a809.2
_b ELIT
100 _aELIOT (T S)
_994801
245 _aT S Eliot murder in the cathedral
260 _bAnmol Publications
_c2009
300 _a275
_bHB
365 _b250
_cINR
650 _aHistory of Literature
_994802
906 _acathedral ; Eliot ; murder ; S ; T
942 _2ddc
_cBK
999 _c161298
_d161298